000 00437nam a2200205Ia 4500
001 088102
003 YMCAF
005 20230512161640.0
008 100717s2003 ||||||||||||||||| ||und|d
024 _a88102
035 _a27561
040 _aYMCAF
_beng
_cIN-KoLT
041 _aeng
082 _a381.142
_bLAU
100 _aLaudon, Kenneth C
245 0 _aE. Commerce
260 _bPearson
_c2003
300 _a862
942 _2ddc
_cBK
999 _c9346
_d9346